000 00760nam a2200241Ia 4500
003 OSt
005 20220923224616.0
006 a|||||r|||| 00| 0
007 ta
008 220922b |||||||| |||| 00| 0 hin d
024 _a246,978
037 _cTextual
040 _aARTS
_cARTS
_bhin
041 _2hin
_ahin
082 _aO152v, K7
245 0 _aहिन्दी साहित्य और वाड्मय
246 _aHindī sāhitya aur vāḍmaya
260 _aवाराणसी
_b चौखम्बा संस्कृत सीरीज आफिस
_c1967
300 _a252पृ.
_ccm.
650 _aहिन्दी साहित्य
_9156264
942 _hO152v, K7
_cTEXL
_2CC
999 _c372491
_d372491